000 00582nam a2200181Ia 4500
008 100917s9999 xx 000 0 und d
082 _b44859
100 _aढेरे रामचंद्र चिंतामण - संपा.
245 _aएकादशी माहत्म्य
260 _bसरीता प्रकाशन
_c1981
300 _a176
365 _b15
520 _aधर्म
630 _aएकादशी माहत्म्य
650 _aधर्म
730 _aएकादशी माहत्म्य
942 _cBOOK
999 _c650253
_d650250